[Event "LUX-chT 2016/17"]
[Site "Luxembourg"]
[Date "2016.11.20"]
[Round "4"]
[White "Sebe Vodislav, Razvan Alex"]
[Black "Bakalarz, Mietek"]
[Result "0-1"]
[WhiteElo "2268"]
[BlackElo "2312"]
[PlyCount "60"]
[EventDate "2016.09.25"]
[EventType "team-tourn"]
[EventRounds "10"]
[EventCountry "LUX"]
[SourceTitle "EXT 2018"]
[Source "ChessBase"]
[SourceDate "2017.10.13"]
[SourceVersion "1"]
[SourceVersionDate "2017.10.13"]
[SourceQuality "1"]

1. c4 e5 2. Nc3 Nf6 3. g3 c6 4. Bg2 d5 5. cxd5 cxd5 6. Qb3 e4 7. f3 Bd6 8. fxe4 dxe4 9. Nxe4 Nxe4 10. Qa4+ Nc6 11. Qxe4+ Be6 12. Nf3 0-0 13. 0-0 Re8 14. Qa4 Rc8 15. e3 Nb4 16. Nd4 Bc4 17. a3 Bxf1 18. Bxf1 Bc5 19. Bb5 Bxd4 20. Qxb4 Bc5 21. Qg4 Re6 22. b3 h5 23. Qe2 h4 24. g4 h3 25. Bd3 Bd4 26. Rb1 Rec6 27. Qf1 Qg5 28. Bf5 Bxe3+ 29. Kh1 Bd4 30. Bxc8 Qd5+ 0-1

[Event "Luxembourg-chT 1415"]
[Site "Luxembourg"]
[Date "2015.02.01"]
[Round "7"]
[White "Dishman, Stephen"]
[Black "Sebe Vodislav, Razvan Alex"]
[Result "1-0"]
[WhiteElo "2329"]
[BlackElo "2298"]
[PlyCount "61"]
[EventDate "2014.10.05"]
[EventType "team-tourn"]
[EventRounds "10"]
[EventCountry "LUX"]
[SourceTitle "EXT 2017"]
[Source "ChessBase"]
[SourceDate "2016.10.25"]
[SourceVersion "1"]
[SourceVersionDate "2016.10.25"]
[SourceQuality "1"]

1. d4 Nf6 2. Bg5 e6 3. Nd2 h6 4. Bh4 c5 5. e4 g5 6. Bg3 cxd4 7. e5 Nd5 8. h4 Rg8 9. hxg5 hxg5 10. Rh7 g4 11. Bc4 d6 12. Qe2 dxe5 13. Qxe5 Nf6 14. Bh4 Be7 15. Bxf6 Bxf6 16. Qh5 Qe7 17. Ne4 Nd7 18. Rxf7 Qb4+ 19. Kd1 Kd8 20. Bxe6 Re8 21. Qd5 Be7 22. Nf6 Qa4 23. Nxe8 Kxe8 24. Qh5 Kd8 25. Qh8+ Kc7 26. Rxe7 Kd6 27. Bxd7 Bxd7 28. Rxd7+ Kxd7 29. Qxa8 Qb5 30. Ne2 d3 31. cxd3 1-0

[Event "Luxembourg-chT 1415"]
[Site "Luxembourg"]
[Date "2015.01.11"]
[Round "6"]
[White "Sebe Vodislav, Razvan Alex"]
[Black "Bakalarz, Mietek"]
[Result "1-0"]
[WhiteElo "2298"]
[BlackElo "2350"]
[PlyCount "85"]
[EventDate "2014.10.05"]
[EventType "team-tourn"]
[EventRounds "10"]
[EventCountry "LUX"]
[SourceTitle "EXT 2017"]
[Source "ChessBase"]
[SourceDate "2016.10.25"]
[SourceVersion "1"]
[SourceVersionDate "2016.10.25"]
[SourceQuality "1"]

1. c4 e5 2. Nc3 Nf6 3. Nf3 Nc6 4. g3 Bb4 5. Qc2 a5 6. Bg2 0-0 7. 0-0 Re8 8. a3 Bc5 9. e3 h6 10. Rd1 d6 11. d4 exd4 12. exd4 Ba7 13. h3 Ne7 14. b4 Bf5 15. Qd2 Qd7 16. Kh2 Ne4 17. Nxe4 Bxe4 18. Re1 f5 19. Bb2 b5 20. c5 Nd5 21. Nh4 g5 22. f3 gxh4 23. fxe4 hxg3+ 24. Kxg3 f4+ 25. Kh2 Ne3 26. Rg1 Kh7 27. e5 d5 28. Qd3+ Kh8 29. Bc1 Nxg2 30. Rxg2 Rg8 31. Raa2 Qf7 32. Qf3 a4 33. Qxf4 Qxf4+ 34. Bxf4 Raf8 35. Rxg8+ Kxg8 36. Kg3 Kf7 37. Bxh6 Rg8+ 38. Kh2 Rg6 39. Rf2+ Ke6 40. Be3 Ke7 41. h4 Rg4 42. Kh3 Re4 43. Rf3 1-0

[Event "Luxembourg-chT 1314"]
[Site "Luxembourg"]
[Date "2014.04.27"]
[Round "10"]
[White "Barthel, Ansgar"]
[Black "Sebe Vodislav, Razvan Alex"]
[Result "1/2-1/2"]
[WhiteElo "2245"]
[BlackElo "2298"]
[PlyCount "60"]
[EventDate "2013.10.05"]
[EventType "team-tourn"]
[EventRounds "10"]
[EventCountry "LUX"]
[SourceTitle "EXT 2017"]
[Source "ChessBase"]
[SourceDate "2016.10.25"]
[SourceVersion "1"]
[SourceVersionDate "2016.10.25"]
[SourceQuality "1"]

1. e4 c5 2. Nf3 d6 3. d4 cxd4 4. Nxd4 Nf6 5. Nc3 g6 6. Be3 Bg7 7. f3 Nc6 8. Qd2 0-0 9. Bc4 Bd7 10. 0-0-0 Ne5 11. Bb3 Rc8 12. Kb1 a6 13. h4 h5 14. Bg5 Rc5 15. g4 hxg4 16. h5 Nxh5 17. Rxh5 gxh5 18. Nd5 Rxd5 19. Bxd5 gxf3 20. Nf5 Bxf5 21. exf5 Qd7 22. Qf4 Qb5 23. f6 Qe2 24. Rc1 exf6 25. Bxf6 Qg2 26. Bxg7 Kxg7 27. Qd4 Kf6 28. Bxf3 Qxf3 29. Qxd6+ Kg7 30. Qxe5+ Kh7 1/2-1/2

[Event "ROM-chT Div-A"]
[Site "Slanic Moldova"]
[Date "2011.10.06"]
[Round "6"]
[White "Bogdan, Dan"]
[Black "Sebe Vodislav, Razvan Alex"]
[Result "1-0"]
[WhiteElo "2367"]
[BlackElo "2323"]
[PlyCount "47"]
[EventDate "2011.10.03"]
[EventType "team-tourn"]
[EventRounds "9"]
[EventCountry "ROU"]
[SourceTitle "CBM 144 Extra"]
[Source "ChessBase"]
[SourceDate "2011.10.28"]
[SourceVersion "1"]
[SourceVersionDate "2011.10.28"]
[SourceQuality "1"]

1. c4 c5 2. Nf3 Nc6 3. g3 e5 4. Bg2 g6 5. Nc3 Bg7 6. 0-0 d6 7. a3 Nge7 8. Rb1 a5 9. Ne1 h5 10. h4 g5 11. Nf3 gxh4 12. Nxh4 Nf5 13. Nxf5 Bxf5 14. d3 h4 15. Nd5 Be6 16. b4 axb4 17. axb4 Bxd5 18. Bxd5 Nxb4 19. Bxb7 Ra7 20. Bg2 Bh6 21. Bxh6 Rxh6 22. Qd2 Qf6 23. Qe3 Rg6 24. Rxb4 1-0

[Event "ROM-chT Div-A"]
[Site "Slanic Moldova"]
[Date "2011.10.04"]
[Round "2"]
[White "Ciobanu, Viorel Adrian"]
[Black "Sebe Vodislav, Razvan Alex"]
[Result "1/2-1/2"]
[WhiteElo "2222"]
[BlackElo "2323"]
[PlyCount "149"]
[EventDate "2011.10.03"]
[EventType "team-tourn"]
[EventRounds "9"]
[EventCountry "ROU"]
[SourceTitle "CBM 144 Extra"]
[Source "ChessBase"]
[SourceDate "2011.10.28"]
[SourceVersion "1"]
[SourceVersionDate "2011.10.28"]
[SourceQuality "1"]

1. e4 c5 2. Nf3 d6 3. d4 cxd4 4. Nxd4 Nf6 5. Nc3 g6 6. Be2 Bg7 7. 0-0 0-0 8. Be3 Nc6 9. Nb3 a6 10. f4 b5 11. Bf3 Bb7 12. Qd2 Qc7 13. Nd5 Nxd5 14. exd5 Nb8 15. c3 Nd7 16. Rad1 Nf6 17. g4 Rac8 18. g5 Nd7 19. Bd4 Bxd4+ 20. Nxd4 Nb6 21. f5 Bxd5 22. Bxd5 Nxd5 23. Rde1 Qc5 24. Qf2 e5 25. Nb3 Qxf2+ 26. Kxf2 Nf4 27. Rd1 Rcd8 28. Na5 gxf5 29. Nc6 Rde8 30. Rxd6 e4 31. Kg3 Ne2+ 32. Kf2 Nf4 33. Ke3 Nd3 34. Rxf5 Nxb2 35. Na5 Re7 36. Rf2 Na4 37. Kd4 e3 38. Re2 Rfe8 39. Rd5 Re6 40. Kd3 Rc8 41. c4 Nb6 42. Rd4 bxc4+ 43. Nxc4 Nxc4 44. Rxc4 Rxc4 45. Kxc4 Kg7 46. Kd4 Kg6 47. h4 Kh5 48. Rxe3 Kxh4 49. Rf3 Kxg5 50. Rxf7 h5 51. Rg7+ Rg6 52. Rf7 h4 53. Ke3 Kg4 54. Kf2 Rh6 55. Kg2 h3+ 56. Kh2 Rh5 57. Rg7+ Kf4 58. Ra7 Ra5 59. Kxh3 Rxa2 60. Ra8 a5 61. Ra7 a4 62. Rg7 a3 63. Rg4+ Ke3 64. Rg3+ Kd4 65. Rg4+ Kd3 66. Rg3+ Ke4 67. Rg4+ Kf5 68. Rg3 Ra1 69. Kh2 Kf4 70. Rc3 Ke4 71. Rg3 a2 72. Ra3 Kd4 73. Ra8 Kc5 74. Kg2 Kb6 75. Kh2 1/2-1/2

[Event "Boskovic Memorial"]
[Site "Bijelo Polje"]
[Date "2004.09.25"]
[Round "9"]
[White "Stanojevic, Branko"]
[Black "Sebe Vodislav, Razvan Alex"]
[Result "0-1"]
[WhiteElo "2332"]
[BlackElo "2346"]
[PlyCount "102"]
[EventDate "2004.09.20"]
[EventType "swiss"]
[EventRounds "9"]
[EventCountry "YUG"]
[SourceTitle "EXT 2019"]
[Source "ChessBase"]
[SourceDate "2018.10.10"]
[SourceVersion "1"]
[SourceVersionDate "2018.10.10"]
[SourceQuality "1"]

1. Nf3 c5 2. g3 Nc6 3. Bg2 e5 4. 0-0 g6 5. c4 Bg7 6. Nc3 Nge7 7. Ne1 0-0 8. Nc2 d6 9. Ne3 Rb8 10. a3 a6 11. Rb1 b5 12. cxb5 axb5 13. b4 cxb4 14. axb4 Be6 15. Ned5 f5 16. d3 h6 17. e3 Kh7 18. Bd2 Qd7 19. f4 Nxd5 20. Nxd5 Qf7 21. Qf3 e4 22. dxe4 fxe4 23. Qxe4 Bf5 24. Qf3 Bxb1 25. Rxb1 Ne7 26. Nxe7 Qxe7 27. Qd5 Qf6 28. Be4 Kh8 29. Bd3 Qf7 30. Qxf7 Rxf7 31. Bxg6 Ra7 32. Bd3 Ra2 33. Be1 Ra3 34. Rd1 Bc3 35. Bxc3+ Rxc3 36. Kf2 Rb3 37. g4 Rxb4 38. h4 Rb2+ 39. Kf3 b4 40. g5 Ra2 41. f5 Ra5 42. Be4 d5 43. Bxd5 b3 44. Be4 b2 45. Bb1 Rc5 46. f6 Rc1 47. Ke2 Rbc8 48. g6 Rxd1 49. g7+ Kg8 50. Ba2+ Kh7 51. Kxd1 Kg6 0-1

[Event "Boskovic Memorial"]
[Site "Bijelo Polje"]
[Date "2004.09.23"]
[Round "6"]
[White "Sebe Vodislav, Razvan Alex"]
[Black "Abramovic, Bosko"]
[Result "0-1"]
[WhiteElo "2346"]
[BlackElo "2466"]
[PlyCount "90"]
[EventDate "2004.09.20"]
[EventType "swiss"]
[EventRounds "9"]
[EventCountry "YUG"]
[SourceTitle "EXT 2019"]
[Source "ChessBase"]
[SourceDate "2018.10.10"]
[SourceVersion "1"]
[SourceVersionDate "2018.10.10"]
[SourceQuality "1"]

1. c4 e6 2. e4 c5 3. Nc3 Nc6 4. g3 d6 5. Bg2 g6 6. d3 Bg7 7. h4 h6 8. Nge2 Nge7 9. 0-0 0-0 10. Rb1 b6 11. Be3 e5 12. Qd2 Kh7 13. f4 exf4 14. Nxf4 Ne5 15. Kh1 N7c6 16. Nce2 Ng4 17. Bg1 Nce5 18. Nd5 Be6 19. Ne3 Qd7 20. Nf4 Rae8 21. Nxe6 fxe6 22. Nxg4 Nxg4 23. Bh3 Ne5 24. Be3 Qe7 25. Bg2 Ng4 26. b3 Bd4 27. Bg1 Bxg1 28. Kxg1 Qg7 29. Qb2 Rxf1+ 30. Bxf1 Ne5 31. Be2 g5 32. h5 Rf8 33. Kg2 g4 34. d4 Nf3 35. dxc5 Qf7 36. Rf1 Qxh5 37. Bxf3 Rxf3 38. Rxf3 gxf3+ 39. Kg1 Qxc5+ 40. Qf2 Kg6 41. Qxc5 dxc5 42. Kf2 Kg5 43. Kxf3 h5 44. a3 a5 45. a4 e5 0-1

[Event "WUCC op 8th"]
[Site "Istanbul"]
[Date "2004.09.08"]
[Round "5"]
[White "Sebe Vodislav, Razvan Alex"]
[Black "Gagunashvili, Merab"]
[Result "0-1"]
[WhiteElo "2346"]
[BlackElo "2580"]
[PlyCount "84"]
[EventDate "2004.09.05"]
[EventType "swiss"]
[EventRounds "9"]
[EventCountry "TUR"]
[SourceTitle "CBM 102 Extra"]
[Source "ChessBase"]
[SourceDate "2004.11.03"]
[SourceVersion "1"]
[SourceVersionDate "2004.11.03"]
[SourceQuality "1"]

1. c4 e5 2. Nc3 Nf6 3. g3 d5 4. cxd5 Nxd5 5. Bg2 Nb6 6. Nf3 Nc6 7. 0-0 Be7 8. a3 a5 9. d3 Be6 10. Be3 Nd5 11. Nxd5 Bxd5 12. Rc1 0-0 13. Bc5 Bxc5 14. Rxc5 Qd6 15. Rc1 Rfe8 16. Nd2 Bxg2 17. Kxg2 Nd4 18. Kg1 c6 19. Nb3 Re7 20. Nxd4 exd4 21. Qd2 Re5 22. Rfe1 Rae8 23. e4 dxe3 24. Rxe3 Rxe3 25. fxe3 h5 26. Rf1 Qe5 27. Rf3 Re7 28. Qf2 g6 29. Qd2 f5 30. Kf2 Qd5 31. Qc3 Rd7 32. Ke2 b5 33. Rf4 c5 34. b3 Kh7 35. a4 bxa4 36. bxa4 Rb7 37. Qc2 Qh1 38. Rf2 Rb1 39. e4 Rc1 40. Qb3 Qe1+ 41. Kf3 fxe4+ 42. Kg2 Qg1+ 0-1

[Event "WUCC op 8th"]
[Site "Istanbul"]
[Date "2004.09.06"]
[Round "2"]
[White "Ayaz, Ilker"]
[Black "Sebe Vodislav, Razvan Alex"]
[Result "0-1"]
[WhiteElo "1940"]
[BlackElo "2346"]
[PlyCount "92"]
[EventDate "2004.09.05"]
[EventType "swiss"]
[EventRounds "9"]
[EventCountry "TUR"]
[SourceTitle "CBM 102 Extra"]
[Source "ChessBase"]
[SourceDate "2004.11.03"]
[SourceVersion "1"]
[SourceVersionDate "2004.11.03"]
[SourceQuality "1"]

1. e4 c5 2. Nf3 g6 3. c3 d5 4. exd5 Qxd5 5. d4 Bg4 6. Be2 Bg7 7. dxc5 Qxc5 8. Qb3 Qb6 9. Qxb6 axb6 10. Be3 Nd7 11. Nbd2 Ngf6 12. Bb5 Nd5 13. Bd4 0-0 14. Bxg7 Kxg7 15. h3 Bxf3 16. Nxf3 N7f6 17. 0-0 Ra5 18. a4 Nc7 19. Nd4 Rfa8 20. Rfe1 e6 21. b3 Nfd5 22. Rac1 Rd8 23. g3 Raa8 24. Bf1 Na6 25. Bc4 Nc5 26. Re2 Kf6 27. Nf3 Ne7 28. Nd2 Rac8 29. Rce1 Kg7 30. Nf3 Rc7 31. Nd4 Nf5 32. Nxf5+ gxf5 33. f3 Nxa4 34. Bxe6 Nxc3 35. Bc4 Nxe2+ 36. Rxe2 Rdd7 37. Kf2 Rc5 38. Ra2 Kf6 39. f4 b5 40. Ra5 b6 41. Rxb5 Rxb5 42. Bxb5 Rd2+ 43. Ke3 Rg2 44. Kf3 Rb2 45. Bc4 b5 46. Bd5 Rd2 0-1

[Event "Torokbalint op"]
[Site "Torokbalint"]
[Date "2004.08.15"]
[Round "6"]
[White "Sebe Vodislav, Razvan Alex"]
[Black "Samu, Sorin Mihai"]
[Result "0-1"]
[WhiteElo "2346"]
[BlackElo "2141"]
[PlyCount "67"]
[EventDate "2004.08.13"]
[EventType "swiss"]
[EventRounds "7"]
[EventCountry "HUN"]
[SourceTitle "EXT 2008"]
[Source "ChessBase"]
[SourceDate "2007.11.25"]
[SourceVersion "1"]
[SourceVersionDate "2007.11.25"]
[SourceQuality "1"]

1. c4 g6 2. Nc3 Bg7 3. g3 c6 4. Bg2 e6 5. e4 Ne7 6. Qb3 Na6 7. Nge2 0-0 8. 0-0 Rb8 9. d4 b5 10. cxb5 cxb5 11. e5 Qb6 12. Bg5 Re8 13. Ne4 Nf5 14. Rad1 Bb7 15. Nf6+ Bxf6 16. Bxf6 Bxg2 17. Kxg2 Qb7+ 18. Kg1 Nc7 19. g4 Qe4 20. gxf5 Qxe2 21. fxg6 fxg6 22. Qh3 Nd5 23. Rfe1 Nf4 24. Qg3 Qxd1 25. Rxd1 Ne2+ 26. Kg2 Nxg3 27. hxg3 Rb6 28. d5 d6 29. f4 Kf7 30. g4 exd5 31. Rxd5 Re6 32. Rd3 dxe5 33. Bxe5 Re7 34. a3 0-1

[Event "La Fere op 3rd"]
[Site "La Fere"]
[Date "2004.07.06"]
[Round "5"]
[White "Sebe Vodislav, Razvan Alex"]
[Black "Delorme, Laurie"]
[Result "1-0"]
[WhiteElo "2346"]
[BlackElo "2037"]
[PlyCount "73"]
[EventDate "2004.07.03"]
[EventType "swiss"]
[EventRounds "9"]
[EventCountry "FRA"]
[SourceTitle "CBM 101 Extra"]
[Source "ChessBase"]
[SourceDate "2004.09.01"]
[SourceVersion "2"]
[SourceVersionDate "2004.09.01"]
[SourceQuality "1"]

1. c4 g6 2. Nc3 Bg7 3. g3 c5 4. Bg2 Nc6 5. d3 e6 6. e4 Nge7 7. Nge2 0-0 8. Rb1 b6 9. 0-0 Bb7 10. Be3 Nd4 11. Qd2 d6 12. Bh6 f5 13. Bxg7 Kxg7 14. f4 Qd7 15. b4 Rab8 16. b5 Rbd8 17. Rfe1 e5 18. Nd5 Bxd5 19. exd5 Rfe8 20. fxe5 dxe5 21. Nxd4 exd4 22. Re6 Nc8 23. Rbe1 Rxe6 24. dxe6 Qd6 25. Bc6 Ne7 26. Bd7 Rf8 27. Qf4 Qxf4 28. gxf4 Rd8 29. a4 Kf8 30. a5 Ng8 31. Bc6 Ke7 32. axb6 axb6 33. Ra1 Kxe6 34. Ra6 Ne7 35. Rxb6 Rd6 36. Ra6 Rd8 37. Be8+ 1-0

[Event "Bucharest Revolution Memorial"]
[Site "Bucharest"]
[Date "2003.12.??"]
[Round "?"]
[White "Nita, Silviu"]
[Black "Sebe Vodislav, Razvan Alex"]
[Result "0-1"]
[WhiteElo "2136"]
[BlackElo "2303"]
[PlyCount "56"]
[EventDate "2003.12.??"]
[EventType "swiss"]
[EventRounds "7"]
[EventCountry "ROU"]
[SourceTitle "EXT 2008"]
[Source "ChessBase"]
[SourceDate "2007.11.25"]
[SourceVersion "1"]
[SourceVersionDate "2007.11.25"]
[SourceQuality "1"]

1. e4 c5 2. Nf3 Nc6 3. d3 g6 4. g3 Bg7 5. Bg2 e5 6. 0-0 Nge7 7. Be3 d6 8. c3 0-0 9. Nbd2 b6 10. Nh4 d5 11. f4 d4 12. cxd4 exd4 13. Bf2 Ba6 14. Qf3 Nb4 15. Nc4 b5 16. Nd2 c4 17. dxc4 bxc4 18. Rad1 Nd3 19. b3 Nxf2 20. Qxf2 c3 21. Nc4 Bxc4 22. bxc4 d3 23. e5 c2 24. Rd2 Rb8 25. Rc1 Rb1 26. Qf1 Qb6+ 27. c5 Rxc1 28. Qxc1 Qb1 0-1

[Event "Bucharest Revolution Memorial"]
[Site "Bucharest"]
[Date "2003.12.??"]
[Round "?"]
[White "Raceanu, Valentin"]
[Black "Sebe Vodislav, Razvan Alex"]
[Result "1/2-1/2"]
[WhiteElo "2378"]
[BlackElo "2303"]
[PlyCount "25"]
[EventDate "2003.12.??"]
[EventType "swiss"]
[EventRounds "7"]
[EventCountry "ROU"]
[SourceTitle "EXT 2008"]
[Source "ChessBase"]
[SourceDate "2007.11.25"]
[SourceVersion "1"]
[SourceVersionDate "2007.11.25"]
[SourceQuality "1"]

1. d4 Nf6 2. c4 e6 3. g3 Bb4+ 4. Bd2 c5 5. Bxb4 cxb4 6. Bg2 d5 7. Nd2 0-0 8. Ngf3 a5 9. a3 bxa3 10. Rxa3 dxc4 11. Nxc4 b5 12. Nce5 Bb7 13. 0-0 1/2-1/2

[Event "ROM-ch"]
[Site "Satu Mare"]
[Date "2003.09.02"]
[Round "1.2"]
[White "Sebe Vodislav, Razvan Alex"]
[Black "Sofronie, Iulian"]
[Result "1/2-1/2"]
[WhiteElo "2303"]
[BlackElo "2438"]
[PlyCount "112"]
[EventDate "2003.09.01"]
[EventType "k.o."]
[EventRounds "5"]
[EventCountry "ROU"]
[SourceTitle "CBM 096 Extra"]
[Source "ChessBase"]
[SourceDate "2003.10.22"]
[SourceVersion "2"]
[SourceVersionDate "2003.10.20"]
[SourceQuality "1"]

1. c4 Nf6 2. Nc3 g6 3. g3 Bg7 4. Bg2 d6 5. e4 c5 6. Nge2 Nc6 7. d3 Bd7 8. h3 a6 9. Be3 Rb8 10. a4 0-0 11. 0-0 Ne8 12. d4 cxd4 13. Nxd4 Nc7 14. a5 Nxd4 15. Bxd4 Bxd4 16. Qxd4 Bc6 17. b4 Ne6 18. Qd3 b5 19. axb6 Qxb6 20. Rfb1 Nd4 21. b5 axb5 22. cxb5 Bxb5 23. Nxb5 Nxb5 24. Rb4 f5 25. Rab1 fxe4 26. Qb3+ Rf7 27. Rb2 Qc5 28. Rxb5 Rxb5 29. Qxb5 Qc1+ 30. Kh2 d5 31. Ra2 Qd1 32. Qa5 Qh5 33. Rd2 e6 34. Qc3 Qf5 35. h4 g5 36. hxg5 Qxg5 37. Bh3 Rf6 38. Rb2 Kf7 39. Qc8 Kg6 40. Qe8+ Kh6 41. Qc6 Qe5 42. Qc1+ Kg6 43. Ra2 Rf7 44. Qd2 h5 45. Ra8 h4 46. Rg8+ Rg7 47. Rxg7+ Kxg7 48. Qf4 hxg3+ 49. Qxg3+ Kf6 50. Kg2 d4 51. Qh4+ Qg5+ 52. Qxg5+ Kxg5 53. Bxe6 Kf4 54. Bd5 d3 55. Bc4 e3 56. f3 e2 1/2-1/2

[Event "ROM-ch"]
[Site "Satu Mare"]
[Date "2003.09.01"]
[Round "1.1"]
[White "Sofronie, Iulian"]
[Black "Sebe Vodislav, Razvan Alex"]
[Result "1-0"]
[WhiteElo "2438"]
[BlackElo "2303"]
[PlyCount "79"]
[EventDate "2003.09.01"]
[EventType "k.o."]
[EventRounds "5"]
[EventCountry "ROU"]
[SourceTitle "CBM 096 Extra"]
[Source "ChessBase"]
[SourceDate "2003.10.22"]
[SourceVersion "2"]
[SourceVersionDate "2003.10.20"]
[SourceQuality "1"]

1. e4 c5 2. Nf3 d6 3. Bc4 Nf6 4. e5 dxe5 5. Nxe5 e6 6. Qe2 Bd6 7. b3 0-0 8. Bb2 Nbd7 9. f4 Nd5 10. 0-0 N7b6 11. Bd3 Nb4 12. Be4 f6 13. a3 N4d5 14. Qh5 f5 15. Bd3 Nd7 16. Qe2 Qc7 17. g3 Nxe5 18. fxe5 Be7 19. c4 Nb6 20. Nc3 a6 21. g4 g6 22. a4 Nd7 23. gxf5 gxf5 24. Nd5 exd5 25. cxd5 Qb6 26. Bc4 Nxe5 27. d6+ Nxc4 28. Qg2+ Kf7 29. Qg7+ Ke6 30. Qxe7+ Kd5 31. bxc4+ Kc6 32. Qxf8 Qxb2 33. Rab1 Qd4+ 34. Rf2 Qg4+ 35. Rg2 Qd4+ 36. Kh1 Qe4 37. Rbg1 f4 38. Qd8 Qxc4 39. Qc7+ Kd5 40. d7 1-0

[Event "Bucharest Spring IM"]
[Site "Bucharest"]
[Date "2003.03.31"]
[Round "11"]
[White "Sebe Vodislav, Razvan Alex"]
[Black "Bets, Anatolij"]
[Result "1/2-1/2"]
[WhiteElo "2244"]
[BlackElo "2357"]
[PlyCount "79"]
[EventDate "2003.03.20"]
[EventType "tourn"]
[EventRounds "11"]
[EventCountry "ROU"]
[EventCategory "1"]
[SourceTitle "EXT 2004"]
[Source "ChessBase"]
[SourceDate "2003.11.25"]
[SourceVersion "1"]
[SourceVersionDate "2003.11.25"]
[SourceQuality "1"]

1. c4 e5 2. a3 a5 3. Nc3 Nf6 4. d3 Be7 5. g3 d5 6. cxd5 Nxd5 7. Nf3 Nc6 8. Bg2 Be6 9. 0-0 0-0 10. d4 exd4 11. Nxd4 Nxd4 12. Qxd4 Bf6 13. Qa4 Nxc3 14. bxc3 c6 15. Qc2 a4 16. Be4 h6 17. Be3 Bb3 18. Qb2 Re8 19. Bc2 Bd5 20. Qxb7 Bxc3 21. Rab1 Qd6 22. Rfd1 Qxa3 23. Rd3 Be4 24. Rxc3 Qxc3 25. Bxe4 a3 26. Qxc6 Qe5 27. Bd5 a2 28. Bxa2 Rxa2 29. Qc4 Rea8 30. Rd1 Qf5 31. Qd3 Qh3 32. Qd5 Qg4 33. Qf3 Qc4 34. Rc1 Qb3 35. Bd4 Qe6 36. e3 Rc8 37. Rf1 Rcc2 38. Kg2 Rc8 39. Qd1 Rcc2 40. h3 1/2-1/2

[Event "Bucharest Spring IM"]
[Site "Bucharest"]
[Date "2003.03.30"]
[Round "10"]
[White "Grigore, Nicolae Petre"]
[Black "Sebe Vodislav, Razvan Alex"]
[Result "1/2-1/2"]
[WhiteElo "2391"]
[BlackElo "2244"]
[PlyCount "64"]
[EventDate "2003.03.20"]
[EventType "tourn"]
[EventRounds "11"]
[EventCountry "ROU"]
[EventCategory "1"]
[SourceTitle "EXT 2004"]
[Source "ChessBase"]
[SourceDate "2003.11.25"]
[SourceVersion "1"]
[SourceVersionDate "2003.11.25"]
[SourceQuality "1"]

1. e4 c5 2. Nf3 d6 3. d4 cxd4 4. Nxd4 Nf6 5. Nc3 g6 6. Be3 Bg7 7. f3 0-0 8. Qd2 Nc6 9. 0-0-0 d5 10. Nxc6 bxc6 11. exd5 Nxd5 12. Nxd5 cxd5 13. Qxd5 Qc7 14. Qxa8 Bf5 15. Qxf8+ Kxf8 16. Rd2 h5 17. Be2 Kg8 18. g3 Qe5 19. Bd4 Qe6 20. Bxg7 Qxa2 21. Rd8+ Kxg7 22. Rdd1 Qa1+ 23. Kd2 Qxb2 24. Bd3 Qb4+ 25. Ke2 Bxd3+ 26. Rxd3 Qb2 27. Kd2 a5 28. Re1 Qb4+ 29. Kd1 Qb1+ 30. Kd2 Qb4+ 31. Kd1 e6 32. h4 Qb1+ 1/2-1/2

[Event "Bucharest Spring IM"]
[Site "Bucharest"]
[Date "2003.03.21"]
[Round "2"]
[White "Voiteanu, Christian Gabriel"]
[Black "Sebe Vodislav, Razvan Alex"]
[Result "1/2-1/2"]
[WhiteElo "2252"]
[BlackElo "2244"]
[PlyCount "35"]
[EventDate "2003.03.20"]
[EventType "tourn"]
[EventRounds "11"]
[EventCountry "ROU"]
[EventCategory "1"]
[SourceTitle "EXT 2004"]
[Source "ChessBase"]
[SourceDate "2003.11.25"]
[SourceVersion "1"]
[SourceVersionDate "2003.11.25"]
[SourceQuality "1"]

1. d4 Nf6 2. c4 e6 3. Nf3 b6 4. a3 Bb7 5. Nc3 d5 6. cxd5 exd5 7. g3 Be7 8. Bg2 0-0 9. 0-0 Nbd7 10. Bf4 c5 11. Rc1 Ne4 12. Nxe4 dxe4 13. Nd2 cxd4 14. Nxe4 Nc5 15. Nxc5 Bxg2 16. Kxg2 bxc5 17. Qd3 Rc8 18. Rc4 1/2-1/2

[Event "Eforie Nord op"]
[Site "Eforie Nord"]
[Date "2002.??.??"]
[Round "8"]
[White "Moldovan, Daniel"]
[Black "Sebe Vodislav, Razvan Alex"]
[Result "1-0"]
[WhiteElo "2462"]
[BlackElo "2240"]
[PlyCount "81"]
[EventDate "2002.??.??"]
[EventType "swiss"]
[EventRounds "11"]
[EventCountry "ROU"]
[SourceTitle "EXT 2003"]
[Source "ChessBase"]
[SourceDate "2002.11.25"]
[SourceVersion "1"]
[SourceVersionDate "2002.11.25"]
[SourceQuality "1"]

1. e4 c5 2. Nf3 d6 3. Bb5+ Nd7 4. d4 Ngf6 5. Nc3 cxd4 6. Qxd4 g6 7. Bg5 Bg7 8. Qd2 0-0 9. Bh6 Nc5 10. Bxg7 Kxg7 11. Bd3 Qa5 12. 0-0 Bg4 13. Nd4 Nxd3 14. cxd3 Qh5 15. f3 Bd7 16. Nde2 Rac8 17. d4 Qa5 18. d5 Rc4 19. Qe3 Rfc8 20. Rfc1 Qc5 21. Kf2 b5 22. b3 Qxe3+ 23. Kxe3 R4c5 24. Nd1 e6 25. dxe6 Bxe6 26. Nf2 d5 27. Rxc5 Rxc5 28. Rc1 Rxc1 29. Nxc1 dxe4 30. Nxe4 Nd7 31. Kd4 Bf5 32. Nd6 a6 33. Nxf5+ gxf5 34. Nd3 Kf6 35. Nc5 Nf8 36. Nxa6 Ne6+ 37. Ke3 Ke5 38. Nb4 f4+ 39. Kd3 Nc5+ 40. Kc3 Ne6 41. a4 1-0

[Event "Eforie Nord op"]
[Site "Eforie Nord"]
[Date "2002.??.??"]
[Round "2"]
[White "Sebe Vodislav, Razvan Alex"]
[Black "Moldovan, Corina"]
[Result "1-0"]
[WhiteElo "2240"]
[BlackElo "2226"]
[PlyCount "105"]
[EventDate "2002.??.??"]
[EventType "swiss"]
[EventRounds "11"]
[EventCountry "ROU"]
[SourceTitle "EXT 2003"]
[Source "ChessBase"]
[SourceDate "2002.11.25"]
[SourceVersion "1"]
[SourceVersionDate "2002.11.25"]
[SourceQuality "1"]

1. e4 c5 2. Nf3 d6 3. d4 cxd4 4. Nxd4 Nf6 5. Nc3 Nc6 6. Be2 e5 7. Nf3 h6 8. 0-0 Be7 9. Re1 0-0 10. h3 Be6 11. Bf1 Nb8 12. a4 a6 13. b3 Nbd7 14. Bb2 Rc8 15. Qd2 Qc7 16. Rad1 Rfd8 17. Qc1 Qc6 18. Qa1 Nf8 19. Nd2 Rd7 20. a5 Bd8 21. Nc4 Bxc4 22. Bxc4 Qc7 23. Nd5 Nxd5 24. Rxd5 Ng6 25. Bc3 Ne7 26. Rd3 Nc6 27. Red1 Nxa5 28. Bxe5 Nxc4 29. bxc4 f6 30. Bb2 Qc5 31. Rg3 Kh7 32. Rdd3 Qa5 33. Qd1 Rxc4 34. Rd5 Rc5 35. Qg4 Rxd5 36. exd5 Qe1+ 37. Kh2 Qe8 38. Qf5+ Kh8 39. Bd4 Qf7 40. Re3 Ba5 41. Re6 Bd8 42. Qe4 Re7 43. Bb6 f5 44. Qe2 Rxe6 45. dxe6 Qe7 46. Bxd8 Qxd8 47. Qh5 Qf6 48. Qf7 Qe5+ 49. g3 f4 50. e7 fxg3+ 51. Kg2 Qe4+ 52. Kxg3 Qe5+ 53. Kf3 1-0